Atti del XII Congresso Internazionale di Filosofia : Venezia, 12-18 Settembre 1958 = Actes du XIIème Congrès International de Philosophie = Proceedings of the XIIth International Congress of Philosophy.
Guardado en:
| Autor Corporativo: | |
|---|---|
| Formato: | Libro |
| Idioma: | Multiple |
| Publicado: |
Firenze :
Sansoni,
1960.
|
| Etiquetas: |
Agregar Etiqueta
Sin Etiquetas, Sea el primero en etiquetar este registro!
|
| LEADER | 01023nam a22001695a 4500 | ||
|---|---|---|---|
| 001 | MAT.inmabb001387 | ||
| 008 | 031124s1960####it############100#0#mul#d | ||
| 005 | 20170815144450.0 | ||
| 245 | 1 | 0 | |a Atti del XII Congresso Internazionale di Filosofia : |b Venezia, 12-18 Settembre 1958 = Actes du XIIème Congrès International de Philosophie = Proceedings of the XIIth International Congress of Philosophy. |
| 260 | |a Firenze : |b Sansoni, |c 1960. | ||
| 300 | |a vii, 553 p. ; |c 26 cm. | ||
| 505 | 0 | |g Volume quinto. |t Logica, gnoseologia, filosofia della scienza, filosofia del linguaggio = Logique, théorie de la connaissance, philosophie des sciences, philosophie du langage = Logic, theory of knowledge, philosophy of science, philosophy of language. | |
| 111 | 2 | |a Congresso Internazionale di Filosofia |n (12º : |d 1958 : |c Venezia) | |
| 246 | 3 | 1 | |a Actes du XIIème Congrès International de Philosophie |
| 246 | 3 | 1 | |a Proceedings of the XIIth International Congress of Philosophy |
| 084 | |a 03-06 |2 msc2000 | ||
| 859 | |h 03 |i C749-12 |p A-1647 |b BIB. MATEMATICA | ||
